| 000 | 00493nam a2200193Ia 4500 | ||
|---|---|---|---|
| 005 | 20250130052320.0 | ||
| 008 | 240331s9999 xx 000 0 und d | ||
| 020 | _a8170337135 | ||
| 082 |
_a305.4 _bJAI _24750 |
||
| 245 | 0 |
_aFilms and Feminism: _bEssays in Indian Cinema |
|
| 260 |
_aJaipur; _aNew Delhi _bRawat Publications _c2002 |
||
| 300 | _a280 p., | ||
| 650 | _aIndian Cinema | ||
| 650 | _aFeminism | ||
| 650 | _aWomen | ||
| 700 |
_aJain, J _eedt |
||
| 700 |
_aRai, S _eedt |
||
| 942 | _cL | ||
| 999 |
_c1087 _d1087 |
||